000 00590nam a2200157Ia 4500
008 100122s9999 xx 000 0 und d
082 _b65982
_a823
100 _aनासरिन तसलिमा
245 _aफरासि प्रेमिक (क.क्र.1/2 )
260 _bमेहता पब्लिशिंग हाऊस
_c2004
300 _a318
630 _aफरासि प्रेमिक (क.क्र.1/2 )
700 _aवकील सुप्रिया
730 _aफरासि प्रेमिक (क.क्र.1/2 )
942 _cBOOK
999 _c438754
_d438751